[Event "Russian Championship G13 2016"]
[Site "Loo"]
[Date "2016.04.20"]
[Round "1.11"]
[White "Mironenko, Galina"]
[Black "Deminova, Maria"]
[Result "1-0"]
[WhiteElo "1731"]
[BlackElo "1541"]
[PlyCount "65"]
[EventDate "2016.04.20"]

1. e4 c6 2. d4 d5 3. Nd2 dxe4 4. Nxe4 Bf5 5. Ng3 Bg6 6. N1e2 e6 7. Nf4 Nd7 8.
h4 Ne7 9. h5 Bf5 10. c3 h6 11. Nxf5 Nxf5 12. Bd3 Ne7 13. Qg4 Nf6 14. Qg3 Ned5
15. Nxd5 Qxd5 16. Qh3 a6 17. Be3 Be7 18. f3 c5 19. Bc2 c4 20. O-O-O O-O 21. g4
Nd7 22. Rdg1 Qa5 23. Kb1 Qb5 24. g5 Bxg5 25. Bxg5 hxg5 26. h6 g6 27. h7+ Kh8
28. Qh6 Nf6 29. Rxg5 Nd5 30. Ka1 Qd7 31. Bxg6 fxg6 32. Qxg6 Nf6 33. Qg8+ 1-0

[Event "Russian Championship G13 2016"]
[Site "Loo"]
[Date "2016.04.20"]
[Round "1.12"]
[White "Dashina, Sofiia"]
[Black "Slesareva, Miraslava"]
[Result "1/2-1/2"]
[WhiteElo "1534"]
[BlackElo "1711"]
[PlyCount "92"]
[EventDate "2016.04.20"]

1. Nf3 Nf6 2. c4 e6 3. Nc3 c5 4. e3 d5 5. d4 Nc6 6. cxd5 exd5 7. Bb5 a6 8. Be2
Bd6 9. dxc5 Bxc5 10. O-O O-O 11. b3 Be6 12. Nd4 Rc8 13. Nxe6 fxe6 14. Bb2 Qe8
15. Rc1 Ba7 16. Ba3 Rf7 17. Bd3 Rd7 18. Qe2 Bb8 19. Na4 Rcd8 20. Bxa6 Rf7 21.
Bb5 e5 22. Bxc6 bxc6 23. Qa6 Rc8 24. Rc2 Ra7 25. Qe2 e4 26. Rfc1 Qe5 27. g3 Qe6
28. Kg2 Rf7 29. h3 Ba7 30. Nc5 Bxc5 31. Bxc5 Nd7 32. Bd4 Qd6 33. Qa6 Rcf8 34.
Rf1 Nb8 35. Qb6 Re8 36. Qc5 Qd7 37. a4 Re6 38. b4 Rh6 39. Rh1 Qf5 40. b5 Nd7
41. Qc3 Qf3+ 42. Kg1 Qd1+ 43. Kg2 Qf3+ 44. Kg1 Qd1+ 45. Kg2 Qf3+ 46. Kg1 Qd1+
1/2-1/2

[Event "Russian Championship G13 2016"]
[Site "Loo"]
[Date "2016.04.20"]
[Round "1.13"]
[White "Dubnikova, Anastasia"]
[Black "Strizhnyova, Anna"]
[Result "1-0"]
[WhiteElo "1686"]
[BlackElo "1523"]
[PlyCount "79"]
[EventDate "2016.04.20"]

1. d4 f5 2. c4 Nf6 3. Nc3 e6 4. e3 Bb4 5. Qc2 b6 6. Bd3 Bb7 7. f3 O-O 8. Nge2
Nc6 9. a3 Bxc3+ 10. Qxc3 Ne7 11. O-O a5 12. b4 axb4 13. axb4 Qe8 14. Rxa8 Bxa8
15. Bb2 Bb7 16. Qc2 d6 17. Nf4 Ng6 18. Re1 Nxf4 19. exf4 Qf7 20. Qd2 c6 21. c5
bxc5 22. dxc5 d5 23. Be5 Nd7 24. Bd6 Ra8 25. Qe3 Re8 26. b5 Qf6 27. b6 h6 28.
h3 Kh8 29. g4 Qh4 30. Kg2 fxg4 31. fxg4 Qf6 32. g5 hxg5 33. fxg5 Qf7 34. g6 Qf6
35. Rf1 Qd8 36. Rf7 Qc8 37. Qg5 Kg8 38. Qh5 Nf6 39. Rxf6 gxf6 40. Qh7# 1-0

[Event "Russian Championship G13 2016"]
[Site "Loo"]
[Date "2016.04.20"]
[Round "1.14"]
[White "Maltseva, Ekaterina"]
[Black "Tereshechkina, Taisiya"]
[Result "1/2-1/2"]
[WhiteElo "1520"]
[BlackElo "1679"]
[PlyCount "91"]
[EventDate "2016.04.20"]

1. e4 c5 2. Nf3 Nc6 3. d4 cxd4 4. Nxd4 e5 5. Nb5 d6 6. Be2 Be7 7. f4 Nf6 8.
N5c3 Qb6 9. Nd2 Be6 10. f5 Bd7 11. Nc4 Qd4 12. Be3 Qxd1+ 13. Rxd1 Nb4 14. Nxd6+
Bxd6 15. Rxd6 Nxc2+ 16. Kd2 Nxe3 17. Kxe3 Ke7 18. Rhd1 Rhd8 19. g4 Bc6 20. Rxd8
Rxd8 21. Rxd8 Kxd8 22. h3 Ne8 23. Bc4 Nd6 24. Bb3 f6 25. Kd3 Kd7 26. h4 h6 27.
Be6+ Kc7 28. Nd5+ Bxd5 29. Bxd5 Nb5 30. Bc4 Nd4 31. Kc3 b5 32. Bd3 a5 33. a3
Kb6 34. b4 axb4+ 35. axb4 Nf3 36. h5 Ng5 37. Kc2 Nh3 38. Be2 Ng5 39. Bd3 Nf7
40. Kd2 Nd6 41. Kc3 Nc8 42. Kb3 Na7 43. Kc3 Nc6 44. Kb3 Nd4+ 45. Kc3 Kc6 46.
Bf1 1/2-1/2

[Event "Russian Championship G13 2016"]
[Site "Loo"]
[Date "2016.04.20"]
[Round "1.15"]
[White "Nasybullina, Dayana"]
[Black "Artamonova, Anna"]
[Result "1-0"]
[WhiteElo "1652"]
[BlackElo "1514"]
[PlyCount "85"]
[EventDate "2016.04.20"]

1. e4 e5 2. Nf3 Nf6 3. Nc3 Nc6 4. g3 Bb4 5. d3 O-O 6. Bg2 d5 7. exd5 Nxd5 8.
Bd2 Bxc3 9. bxc3 Bg4 10. O-O Re8 11. h3 Bh5 12. g4 Bg6 13. Rb1 Rb8 14. c4 Nf4
15. Bxf4 exf4 16. d4 Be4 17. d5 Ne5 18. Nxe5 Bxg2 19. Nxf7 Kxf7 20. Kxg2 Kg8
21. Re1 Rf8 22. Qf3 b6 23. Re6 Qd7 24. Rbe1 Qa4 25. Qb3 f3+ 26. Kg3 Qd7 27.
R1e3 Rbe8 28. Rxe8 Rxe8 29. Rxe8+ Qxe8 30. Kxf3 Qf7+ 31. Kg3 Qg6 32. Qe3 Qd6+
33. f4 Kf8 34. Kf3 g6 35. Qe5 Qxe5 36. fxe5 Ke7 37. Ke4 a6 38. Kd4 a5 39. c5
Kd7 40. cxb6 cxb6 41. Kc4 Ke7 42. Kb5 h6 43. h4 1-0

[Event "Russian Championship G13 2016"]
[Site "Loo"]
[Date "2016.04.20"]
[Round "1.16"]
[White "Kasaeva, Sofiia"]
[Black "Zyapaeva, Polina"]
[Result "1-0"]
[WhiteElo "1514"]
[BlackElo "1650"]
[PlyCount "149"]
[EventDate "2016.04.20"]

1. e4 c5 2. Nf3 a6 3. d4 cxd4 4. Nxd4 Nf6 5. Nc3 e5 6. Nb3 b5 7. Bg5 Be7 8.
Bxf6 Bxf6 9. Nd5 O-O 10. Be2 Bb7 11. Nc5 Bc6 12. O-O d6 13. Nb3 a5 14. c4 b4
15. Rc1 a4 16. Nd2 Na6 17. Nf3 Rb8 18. Ne1 Bg5 19. Rc2 Nc5 20. Bf3 Ne6 21. Ne3
Nd4 22. Rc1 b3 23. a3 Qb6 24. Rc3 Qb7 25. Nd5 Bd7 26. c5 Bb5 27. Nd3 Bxd3 28.
Qxd3 dxc5 29. Rxc5 Rfc8 30. Rc3 h6 31. Bg4 Rxc3 32. Qxc3 f5 33. Bh5 Kh8 34. Qd3
f4 35. Qc4 Qa7 36. Nc3 Ra8 37. Qd5 Qa5 38. Qd7 f3 39. Bxf3 Nxf3+ 40. gxf3 Bf4
41. Kh1 Bg5 42. Qc6 Bd2 43. Nd5 Bg5 44. Qd6 Qa6 45. Qxa6 Rxa6 46. Rd1 Rd6 47.
Nc3 Rxd1+ 48. Nxd1 Bc1 49. Kg1 Kg8 50. Kf1 Bf4 51. h3 Bc1 52. Ke2 Kf7 53. Kd3
Kg6 54. Kc4 Kg5 55. Kb4 Kh4 56. Kxa4 Kxh3 57. Kxb3 Kg2 58. a4 Bd2 59. Nc3 Bg5
60. a5 Bd8 61. a6 Bb6 62. f4 h5 63. fxe5 h4 64. e6 h3 65. e7 h2 66. e8=Q h1=Q
67. Qg6+ Kf1 68. Qxb6 Qf3 69. Qb5+ Kg2 70. Qf5 Qd3 71. Qg4+ Kh2 72. Qg3+ Qxg3
73. fxg3 g5 74. a7 g4 75. a8=Q 1-0

[Event "Russian Championship G13 2016"]
[Site "Loo"]
[Date "2016.04.20"]
[Round "1.17"]
[White "Mikhailova, Yuliya"]
[Black "Portnova, Ksenia"]
[Result "1-0"]
[WhiteElo "1644"]
[BlackElo "1504"]
[PlyCount "127"]
[EventDate "2016.04.20"]

1. d4 Nf6 2. Nf3 e6 3. Bf4 b6 4. e3 Bb7 5. Be2 Be7 6. Nbd2 O-O 7. O-O Nh5 8.
Bg3 Nxg3 9. hxg3 d6 10. c4 c5 11. Qc2 Nd7 12. Rfd1 Qc7 13. Rac1 Rac8 14. b3 Bf6
15. Ne4 cxd4 16. Nxf6+ Nxf6 17. Nxd4 a6 18. Qb2 Qe7 19. Bf3 Bxf3 20. gxf3 d5
21. Qe2 a5 22. Rc2 Rc5 23. Rdc1 Rfc8 24. cxd5 Nxd5 25. Rc4 R8c7 26. Kg2 h6 27.
e4 Nf6 28. Nb5 Rxc4 29. Rxc4 Rxc4 30. Qxc4 Qd7 31. a4 Ne8 32. Qc3 Kf8 33. e5
Ke7 34. Qc4 Kf8 35. Qc3 Ke7 36. Qc4 Kf8 37. Qe4 Qd5 38. Qxd5 exd5 39. f4 Ke7
40. Kf3 f6 41. Ke3 fxe5 42. fxe5 g5 43. g4 Kd7 44. Kd4 Ke6 45. f3 Ng7 46. Nc7+
Kd7 47. Nxd5 Ne6+ 48. Kc4 Kc6 49. Ne7+ Kb7 50. Nf5 Nc5 51. Nxh6 Kc6 52. Nf7 Ne6
53. Nd6 Nf4 54. Nf5 Ne6 55. Nd4+ Nxd4 56. Kxd4 Kd7 57. Kd5 Ke7 58. e6 Ke8 59.
Ke5 Ke7 60. Kf5 Kd6 61. Kf6 Kc5 62. e7 Kb4 63. e8=Q Kxb3 64. Qe4 1-0

[Event "Russian Championship G13 2016"]
[Site "Loo"]
[Date "2016.04.20"]
[Round "1.18"]
[White "Gaer, Margarita"]
[Black "Shpakivskaya, Alina"]
[Result "1/2-1/2"]
[WhiteElo "1494"]
[BlackElo "1634"]
[PlyCount "93"]
[EventDate "2016.04.20"]

1. d4 d5 2. c4 e6 3. cxd5 exd5 4. Nc3 Nf6 5. Bg5 Nbd7 6. e3 Be7 7. Bd3 c6 8.
Qc2 O-O 9. Nf3 Re8 10. O-O Nf8 11. Rab1 Ne4 12. Bxe7 Qxe7 13. b4 a6 14. a4 Bf5
15. b5 axb5 16. axb5 Nxc3 17. Qxc3 Ra3 18. Rb3 Rxb3 19. Qxb3 Bxd3 20. Qxd3 Ra8
21. bxc6 bxc6 22. Rc1 Qd6 23. g3 Ng6 24. Qc2 Rc8 25. Nd2 Nf8 26. Nb3 Ne6 27.
Na5 Nd8 28. Nb3 Qh6 29. Qf5 Qe6 30. Qxe6 Nxe6 31. Kf1 Kf8 32. Ke2 Ke7 33. Kd3
Kd6 34. Ra1 c5 35. dxc5+ Nxc5+ 36. Nxc5 Rxc5 37. f4 f6 38. Ra7 Rc7 39. Rxc7
Kxc7 40. Kd4 Kd6 41. g4 g6 42. h4 h6 43. h5 g5 44. f5 Kc6 45. Kd3 Kc5 46. Kc3
Kc6 47. Kd3 1/2-1/2

[Event "Russian Championship G13 2016"]
[Site "Loo"]
[Date "2016.04.20"]
[Round "1.19"]
[White "Yakimova, Mariya"]
[Black "Kamaeva, Dzhamilya"]
[Result "1-0"]
[WhiteElo "1631"]
[BlackElo "1491"]
[PlyCount "137"]
[EventDate "2016.04.20"]

1. e4 e5 2. d4 exd4 3. Nf3 Nc6 4. Bc4 Bc5 5. c3 d3 6. b4 Bb6 7. O-O Nge7 8. a4
a6 9. a5 Ba7 10. Qxd3 O-O 11. Na3 d6 12. h3 Kh8 13. g4 Ng6 14. Bg5 f6 15. Be3
Nce5 16. Qe2 Bxe3 17. Qxe3 Nxc4 18. Nxc4 Be6 19. Nb2 Ne5 20. Nd4 Qd7 21. Qe2
Qf7 22. f4 Bc4 23. Nxc4 Nxc4 24. Rfd1 Rae8 25. Nf5 d5 26. Rd4 Rxe4 27. Rxe4
dxe4 28. Qxe4 Nd6 29. Nxd6 cxd6 30. Rd1 Rd8 31. c4 h6 32. Rd5 Qc7 33. g5 Rc8
34. gxf6 gxf6 35. Rh5 Qg7+ 36. Kf2 Rg8 37. Ke2 Rc8 38. Kf2 Rg8 39. Ke2 Rc8 40.
Rd5 Qf7 41. Kd3 Qd7 42. Qf5 Qxf5+ 43. Rxf5 Kg7 44. Rd5 Rc6 45. Kd4 Kf7 46. b5
axb5 47. cxb5 Rc1 48. Rxd6 Ke7 49. Rb6 Rc7 50. Ke4 h5 51. Kf5 Rc5+ 52. Kg6 Rc3
53. Rxb7+ Kd8 54. Kxh5 Rxh3+ 55. Kg4 Ra3 56. a6 Kc8 57. Kf5 Ra4 58. Rb6 Kc7 59.
Rxf6 Ra5 60. Rc6+ Kb8 61. Rc5 Ka8 62. Ke6 Ra1 63. f5 Re1+ 64. Re5 Rxe5+ 65.
Kxe5 Ka7 66. f6 Kb6 67. f7 Kxb5 68. f8=Q Kxa6 69. Qb4 1-0

[Event "Russian Championship G13 2016"]
[Site "Loo"]
[Date "2016.04.20"]
[Round "1.20"]
[White "Pakeeva, Namlana"]
[Black "Ochirova, Anita"]
[Result "1-0"]
[WhiteElo "1447"]
[BlackElo "1627"]
[PlyCount "61"]
[EventDate "2016.04.20"]

1. e4 e5 2. Nf3 Nc6 3. Bc4 Nf6 4. d3 Bc5 5. O-O O-O 6. Re1 d6 7. c3 Bg4 8. Nbd2
Re8 9. Nf1 Na5 10. Bb5 c6 11. Ba4 b5 12. Bc2 Qc7 13. h3 Bh5 14. Ng3 Bxf3 15.
Qxf3 b4 16. Nf5 Kh8 17. Nh6 Re6 18. Bg5 Qd8 19. Nxf7+ Kg8 20. Nxd8 Rxd8 21.
Rad1 Rf8 22. d4 exd4 23. cxd4 Nxe4 24. Qd3 Nxg5 25. Rxe6 Nxe6 26. Qxh7+ Kf7 27.
dxc5 d5 28. Bg6+ Ke7 29. Re1 Kd7 30. Bf5 Re8 31. Qxg7+ 1-0

[Event "Russian Championship G13 2016"]
[Site "Loo"]
[Date "2016.04.20"]
[Round "1.21"]
[White "Vorobyova, Ekaterina"]
[Black "Shchedrova, Tatiana"]
[Result "1-0"]
[WhiteElo "1625"]
[BlackElo "1443"]
[PlyCount "43"]
[EventDate "2016.04.20"]

1. d4 d5 2. Nf3 Nf6 3. e3 Nbd7 4. Bd3 e6 5. O-O Bd6 6. b3 O-O 7. Bb2 Re8 8. Ne5
c6 9. Nd2 Bc7 10. f4 Nf8 11. Rf3 N6d7 12. Rh3 f6 13. Bxh7+ Nxh7 14. Qh5 fxe5
15. Qxh7+ Kf7 16. fxe5 Qg5 17. Rg3 Nf6 18. Rf1 Ke7 19. exf6+ Qxf6 20. Rxf6 Kxf6
21. Qxg7+ Kf5 22. Qg5# 1-0

[Event "Russian Championship G13 2016"]
[Site "Loo"]
[Date "2016.04.20"]
[Round "1.22"]
[White "Ibragimova, Gulnaz"]
[Black "Zaripova, Arina"]
[Result "0-1"]
[WhiteElo "1412"]
[BlackElo "1624"]
[PlyCount "136"]
[EventDate "2016.04.20"]

1. e4 c6 2. Nf3 d5 3. exd5 cxd5 4. d4 Nf6 5. h3 Bf5 6. Bd3 Bxd3 7. Qxd3 e6 8.
O-O Bd6 9. Re1 Nbd7 10. Bg5 Qc7 11. Qc3 Qb6 12. Ne5 Nxe5 13. dxe5 Ne4 14. Rxe4
dxe4 15. exd6 Qxd6 16. Qxg7 Qf8 17. Qf6 Rg8 18. Nc3 Rg6 19. Qf4 Qg7 20. Nxe4
Kf8 21. h4 h6 22. Bf6 Rxg2+ 23. Kh1 Qg4 24. Qxg4 Rxg4 25. f3 Rf4 26. Kg2 Kg8
27. Kg3 Rf5 28. Rd1 Rd5 29. Rg1 Kh7 30. Bc3 Rg8+ 31. Kh2 Rxg1 32. Kxg1 Kg6 33.
Kg2 e5 34. Kg3 f5 35. Nd2 b5 36. b4 Kf7 37. a3 Ke6 38. f4 e4 39. Kf2 Rd8 40.
Ke3 Kd5 41. Be5 Rg8 42. Kf2 Rg4 43. c3 Rxh4 44. Kg3 Rg4+ 45. Kh3 e3 46. Nf3 e2
47. Kh2 Ke4 48. Ne1 Ke3 49. Bd4+ Kd2 50. Nf3+ Kd1 51. Bf2 Rxf4 52. Kg2 Rxf3 53.
Kxf3 e1=Q 54. Bxe1 Kxe1 55. Ke3 h5 56. Kd3 h4 57. Ke3 Kd1 58. Kf3 Kc2 59. Kg2
Kxc3 60. Kh3 Kb3 61. Kxh4 Kxa3 62. Kg5 Kxb4 63. Kxf5 a5 64. Ke4 a4 65. Kd3 Kb3
66. Kd2 Kb2 67. Kd1 a3 68. Kd2 b4 0-1

[Event "Russian Championship G13 2016"]
[Site "Loo"]
[Date "2016.04.20"]
[Round "1.23"]
[White "Erokhova, Violetta"]
[Black "Galushko, Karina"]
[Result "1-0"]
[WhiteElo "1618"]
[BlackElo "1404"]
[PlyCount "65"]
[EventDate "2016.04.20"]

1. e4 e6 2. d4 d5 3. e5 c5 4. c3 Nc6 5. Nf3 Qb6 6. a3 Bd7 7. b4 cxd4 8. cxd4
Rc8 9. Bb2 Nge7 10. Nc3 Nf5 11. Na4 Qd8 12. Rc1 Be7 13. Nc5 b6 14. Nxd7 Qxd7
15. Bb5 Bd8 16. Qa4 Nfe7 17. O-O O-O 18. Rc2 a6 19. Qxa6 Qa7 20. Qxa7 Nxa7 21.
Rxc8 Nexc8 22. Ba6 Ne7 23. Rc1 b5 24. Nd2 Bb6 25. Nb3 Nec8 26. Nc5 Bd8 27. Nd7
Bg5 28. Rc7 Rd8 29. a4 bxa4 30. b5 Re8 31. b6 Bd8 32. bxa7 Bxc7 33. a8=Q 1-0

[Event "Russian Championship G13 2016"]
[Site "Loo"]
[Date "2016.04.20"]
[Round "1.24"]
[White "Konova, Polina"]
[Black "Zelenskaya, Anastasiya"]
[Result "1/2-1/2"]
[WhiteElo "1385"]
[BlackElo "1610"]
[PlyCount "54"]
[EventDate "2016.04.20"]

1. e4 c5 2. c3 Nf6 3. e5 Nd5 4. d4 cxd4 5. Nf3 Nc6 6. cxd4 d6 7. Bc4 Nb6 8. Bb5
Bd7 9. Nc3 a6 10. Bd3 dxe5 11. dxe5 Bg4 12. Bf4 e6 13. Be2 Qc7 14. Rc1 Rd8 15.
Qb3 Bxf3 16. Bxf3 Nd4 17. Qd1 Nc4 18. Qa4+ b5 19. Qxa6 Nxe5 20. Nd5 Nc2+ 21.
Rxc2 Nxf3+ 22. gxf3 Qxc2 23. Qxb5+ Rd7 24. Qb8+ Rd8 25. Qb5+ Rd7 26. Qb8+ Rd8
27. Qb5+ Rd7 1/2-1/2

[Event "Russian Championship G15 2016"]
[Site "Loo"]
[Date "2016.04.20"]
[Round "1.1"]
[White "Maltsevskaya, Aleksandra"]
[Black "Zaitseva, Lyudmila"]
[Result "1-0"]
[WhiteElo "2146"]
[BlackElo "1750"]
[PlyCount "239"]
[EventDate "2016.04.20"]

1. e4 e6 2. d4 d5 3. Nc3 Nf6 4. Bg5 Bb4 5. e5 h6 6. Bd2 Bxc3 7. bxc3 Ne4 8. Qg4
g6 9. Bd3 Nxd2 10. Kxd2 c5 11. Nf3 Nc6 12. Qf4 cxd4 13. cxd4 Qa5+ 14. c3 b6 15.
h4 Ba6 16. Bxa6 Qxa6 17. Qf6 Rh7 18. h5 g5 19. Nh2 Rc8 20. Ng4 Qa3 21. Rhb1 Na5
22. Qf3 Nc4+ 23. Ke1 Kd8 24. Nf6 Rh8 25. Rb3 Qa4 26. Rb4 Qa6 27. Ng4 Rh7 28.
Qf6+ Kd7 29. a4 Rch8 30. Qf3 Rg7 31. Nf6+ Kc7 32. Rb5 Na5 33. Ng4 Qc8 34. Rab1
Nc4 35. Qf6 Rgh7 36. a5 Qd8 37. axb6+ axb6 38. Ra1 Qxf6 39. Nxf6 Rg7 40. Ra7+
Kc6 41. Rb1 Rc8 42. Re7 Na3 43. Rb2 Nb5 44. Ra2 Nc7 45. Ra7 Nb5 46. Rxe6+ fxe6
47. Rxg7 Nxc3 48. Re7 b5 49. Rxe6+ Kb7 50. Re7+ Ka6 51. Kd2 b4 52. Kc2 Ne2+ 53.
Kb1 Nxd4 54. Nxd5 b3 55. e6 Rc5 56. Nb4+ Ka5 57. Nd3 Rc2 58. Ra7+ Kb6 59. Ra3
Re2 60. Ra4 Nxe6 61. Rb4+ Kc6 62. Rxb3 Nf4 63. Nxf4 gxf4 64. Rf3 Re4 65. Kc2
Kd5 66. Kd2 Ke5 67. Ra3 Kf5 68. Ra5+ Kf6 69. Rb5 Re8 70. Rd5 Re7 71. f3 Rg7 72.
Kd3 Re7 73. Rd6+ Kg5 74. Rg6+ Kxh5 75. Rg4 Re3+ 76. Kd2 Ra3 77. Ke2 Ra4 78. Kf2
Ra2+ 79. Kg1 Ra1+ 80. Kf2 Ra2+ 81. Kf1 Ra4 82. Rg7 Ra2 83. Kg1 Ra4 84. Kh2 Ra5
85. Rg4 Rf5 86. Kg1 Rf8 87. Kf2 Rf7 88. Ke2 Re7+ 89. Kd3 Re3+ 90. Kd4 Re2 91.
Kd5 Ra2 92. Ke5 Ra4 93. Rxf4 Ra5+ 94. Ke4 Ra4+ 95. Ke3 Ra3+ 96. Kf2 Ra2+ 97.
Kg3 Kg5 98. Rg4+ Kf5 99. Kh4 Ra1 100. Kh5 Ra6 101. Re4 Ra2 102. Rg4 Ra6 103.
Rg8 Kf4 104. Rg6 Ra2 105. Kxh6 Rf2 106. Kh5 Rf1 107. Rg4+ Kf5 108. Kh4 Rh1+
109. Kg3 Ra1 110. Rb4 Ra5 111. Kh3 Kg5 112. g4 Ra1 113. f4+ Kg6 114. Rb6+ Kg7
115. Kh4 Ra4 116. Kg5 Ra5+ 117. f5 Ra1 118. Rb7+ Kg8 119. Kg6 Ra6+ 120. f6 1-0

[Event "Russian Championship G15 2016"]
[Site "Loo"]
[Date "2016.04.20"]
[Round "1.2"]
[White "Chemborisova, Elina"]
[Black "Goltseva, Ekaterina"]
[Result "0-1"]
[WhiteElo "1738"]
[BlackElo "2137"]
[PlyCount "90"]
[EventDate "2016.04.20"]

1. e4 e5 2. Nf3 Nc6 3. Bc4 Nf6 4. d4 exd4 5. e5 d5 6. Bb5 Ne4 7. Nxd4 Bd7 8.
Bxc6 bxc6 9. O-O Bc5 10. f3 Ng5 11. Nc3 Ne6 12. Be3 Bb6 13. Na4 Nxd4 14. Bxd4
Qe7 15. Nxb6 cxb6 16. Bc3 Rd8 17. f4 Bf5 18. g4 Be4 19. Qe2 h5 20. f5 Qg5 21.
Bd2 Qxg4+ 22. Qxg4 hxg4 23. c3 Kd7 24. Rf4 g3 25. h4 Rh7 26. Be1 g2 27. Rd1 Kc8
28. e6 fxe6 29. fxe6 Re8 30. Rf7 Rxe6 31. Rxa7 Reh6 32. Bg3 g5 33. Ra8+ Kd7 34.
c4 gxh4 35. Bh2 Re7 36. cxd5 Bxd5 37. Ra7+ Ke8 38. Ra8+ Kf7 39. Ra4 Rhe6 40.
Rf4+ Kg6 41. Kf2 Re2+ 42. Kg1 Kg5 43. Rfd4 Re1+ 44. Rxe1 Rxe1+ 45. Kf2 Rf1+ 0-1

[Event "Russian Championship G15 2016"]
[Site "Loo"]
[Date "2016.04.20"]
[Round "1.3"]
[White "Filippova, Darya"]
[Black "Getman, Tatyana"]
[Result "0-1"]
[WhiteElo "1976"]
[BlackElo "1732"]
[PlyCount "112"]
[EventDate "2016.04.20"]

1. c4 c5 2. Nc3 Nc6 3. Nf3 g6 4. e3 Bg7 5. d4 cxd4 6. exd4 d6 7. Be3 Nh6 8. d5
Ne5 9. Nxe5 dxe5 10. Be2 Nf5 11. Qd2 O-O 12. O-O e6 13. Bc5 Re8 14. d6 b6 15.
Ba3 Bd7 16. Rfd1 Nd4 17. b4 Bc6 18. b5 Bb7 19. Bd3 Qh4 20. Qe3 Red8 21. f3 Rac8
22. Bb4 Bh6 23. Qf2 Qg5 24. Be4 Rxc4 25. a3 Bxe4 26. Nxe4 Qe3 27. Qxe3 Bxe3+
28. Kh1 f5 29. Ng3 Nc2 30. Rab1 Bc5 31. Bxc5 Rxc5 32. a4 Ne3 33. Re1 Nc4 34.
Ne2 Rxd6 35. h4 Rd3 36. h5 Kg7 37. hxg6 hxg6 38. Kg1 Na5 39. Rbd1 Rcd5 40. Rxd3
Rxd3 41. Rc1 Rd7 42. Kf2 Nb7 43. Rc6 Nc5 44. a5 Rb7 45. axb6 axb6 46. Nc3 Kf7
47. Ke3 e4 48. f4 Nd7 49. Ne2 Nf6 50. Nc3 Ke7 51. Kd4 Rd7+ 52. Kc4 Nd5 53.
Nxd5+ Rxd5 54. Rxb6 e3 55. Rb7+ Kf6 56. b6 e2 0-1

[Event "Russian Championship G15 2016"]
[Site "Loo"]
[Date "2016.04.20"]
[Round "1.4"]
[White "Eliseeva, Maia"]
[Black "Vinokur, Yuliya"]
[Result "0-1"]
[WhiteElo "1729"]
[BlackElo "1963"]
[PlyCount "70"]
[EventDate "2016.04.20"]

1. e4 Nf6 2. e5 Nd5 3. d4 d6 4. Nf3 Bg4 5. Be2 e6 6. O-O Be7 7. c4 Nb6 8. Nc3
O-O 9. Be3 Nc6 10. exd6 cxd6 11. b3 d5 12. c5 Nc8 13. a3 Bf6 14. Rc1 N8e7 15.
b4 Nf5 16. b5 Bxf3 17. bxc6 Bxe2 18. Nxe2 bxc6 19. Bf4 Bg5 20. Qd2 Bxf4 21.
Qxf4 Qa5 22. Qf3 Qa4 23. Qd3 Rab8 24. Rb1 a6 25. Qc3 h6 26. Rb4 Rxb4 27. axb4
Rb8 28. g4 Ne7 29. Ra1 Qxb4 30. Qxb4 Rxb4 31. Rxa6 f6 32. Kg2 e5 33. dxe5 fxe5
34. Kf3 Rb3+ 35. Kg2 Rb5 0-1

[Event "Russian Championship G15 2016"]
[Site "Loo"]
[Date "2016.04.20"]
[Round "1.5"]
[White "Zotova, Anastasia"]
[Black "Mavrova, Kseniya"]
[Result "1-0"]
[WhiteElo "1934"]
[BlackElo "1727"]
[PlyCount "125"]
[EventDate "2016.04.20"]

1. e4 e6 2. d4 d5 3. Nc3 Nf6 4. e5 Nfd7 5. f4 c5 6. Nf3 Nc6 7. Be3 Qb6 8. Na4
Qa5+ 9. c3 cxd4 10. b4 Qc7 11. Nxd4 Nxd4 12. Bxd4 a6 13. Bd3 b5 14. Nb2 Nb6 15.
O-O Nc4 16. Nxc4 bxc4 17. Bc2 g6 18. f5 gxf5 19. Rxf5 exf5 20. e6 Bxe6 21. Ba4+
Kd8 22. Bxh8 Qf4 23. Bc6 Rb8 24. Bd4 Bd6 25. g3 Qg5 26. Qf3 f4 27. Ba4 h5 28.
Kh1 Bg4 29. Qf2 Bf5 30. Re1 Be4+ 31. Kg1 h4 32. Bb6+ Kc8 33. Rxe4 hxg3 34. Re8+
Kb7 35. Rxb8+ Bxb8 36. hxg3 Qxg3+ 37. Qxg3 fxg3 38. Bd4 f5 39. b5 axb5 40. Bxb5
f4 41. Kg2 Bc7 42. Kf3 Bb8 43. Be8 Bc7 44. Bd7 Bb8 45. Bb5 Bc7 46. a4 Bb6 47.
Bxb6 Kxb6 48. Bd7 Ka5 49. Bc6 d4 50. cxd4 c3 51. Ke2 f3+ 52. Bxf3 Kxa4 53. Kd1
Kb4 54. Kc2 Kc4 55. d5 Kc5 56. Kxc3 Kd6 57. Kd4 Kd7 58. Ke5 Ke7 59. d6+ Kd7 60.
Kd5 Kd8 61. Ke6 Ke8 62. d7+ Kd8 63. Bg2 1-0

[Event "Russian Championship G15 2016"]
[Site "Loo"]
[Date "2016.04.20"]
[Round "1.6"]
[White "Titievskaya, Elizaveta"]
[Black "Budnikova, Varvara"]
[Result "0-1"]
[WhiteElo "1725"]
[BlackElo "1932"]
[PlyCount "62"]
[EventDate "2016.04.20"]

1. e4 c5 2. Nf3 Nc6 3. d4 cxd4 4. Nxd4 g6 5. c4 Nf6 6. Nc3 Nxd4 7. Qxd4 d6 8.
Be2 Bg7 9. Qd3 O-O 10. O-O Be6 11. Kh1 Rc8 12. f4 Bxc4 13. Qe3 Bxe2 14. Qxe2
Nd7 15. Bd2 Nb6 16. Rf3 Nc4 17. Be1 Rc6 18. Rh3 Qd7 19. Qf2 Rfc8 20. Rb1 Rc5
21. Kg1 Nb6 22. Bd2 Na4 23. Nd5 e6 24. Ne3 Nxb2 25. g4 Nc4 26. f5 Nxd2 27. Qxd2
Qc6 28. Qb4 Rc1+ 29. Kf2 Rxb1 30. Qxb1 Bd4 31. Qf1 Qc1 0-1

[Event "Russian Championship G15 2016"]
[Site "Loo"]
[Date "2016.04.20"]
[Round "1.7"]
[White "Afanasieva, Alexandra"]
[Black "Beshukova, Alina"]
[Result "1-0"]
[WhiteElo "1901"]
[BlackElo "1716"]
[PlyCount "99"]
[EventDate "2016.04.20"]

1. e4 c5 2. Nf3 e6 3. d4 cxd4 4. Nxd4 a6 5. Bd3 d5 6. exd5 Qxd5 7. O-O Nd7 8.
Nf3 Ngf6 9. c4 Qd6 10. Nc3 Be7 11. Qe2 O-O 12. Rd1 Qc7 13. Bg5 Re8 14. Ne4 b6
15. Nxf6+ Nxf6 16. Bxf6 Bxf6 17. Bxh7+ Kh8 18. Be4 Bb7 19. Bxb7 Qxb7 20. Rac1
Qc7 21. b3 Rad8 22. h3 Kg8 23. Qe3 Bb2 24. Rb1 Bf6 25. Ne1 Re7 26. Rd3 Rxd3 27.
Nxd3 Rd7 28. Qe2 Qd8 29. Rd1 a5 30. Qc2 Rd6 31. a3 Rd4 32. Nb2 Rxd1+ 33. Nxd1
Be7 34. a4 Bc5 35. Nc3 Qd4 36. Nb5 Qd7 37. Kf1 Kf8 38. Ke2 Ke7 39. Qe4 Bb4 40.
Nd4 Kf8 41. Qa8+ Qe8 42. Qb7 Bc5 43. Nc6 g6 44. Qc7 Qa8 45. f3 Kg7 46. Nd8 Kh8
47. Nxf7+ Kh7 48. Ng5+ Kh6 49. Nxe6 Qe8 50. Qg7+ 1-0

[Event "Russian Championship G15 2016"]
[Site "Loo"]
[Date "2016.04.20"]
[Round "1.8"]
[White "Buchina, Polina"]
[Black "Miroshnik, Ekaterina"]
[Result "0-1"]
[WhiteElo "1711"]
[BlackElo "1896"]
[PlyCount "67"]
[EventDate "2016.04.20"]

1. d4 d5 2. c4 e6 3. Nc3 Nf6 4. e3 Be7 5. Nf3 O-O 6. Be2 b6 7. O-O Bb7 8. a3 c5
9. b3 Nc6 10. cxd5 exd5 11. Bb2 Rc8 12. Rc1 Na5 13. dxc5 bxc5 14. Na4 Ne4 15.
Nd2 Nxd2 16. Qxd2 d4 17. Qd1 dxe3 18. Qc2 Qd2 19. Bd3 Qxc2 20. Bxc2 Ba6 21.
Rfd1 Bg5 22. Rb1 Rfe8 23. fxe3 Bxe3+ 24. Kh1 Bd4 25. Bf5 Rcd8 26. Nxc5 Bxc5 27.
b4 Rxd1+ 28. Rxd1 Nc4 29. bxc5 Nxb2 30. Rb1 Bd3 31. Bd7 Re4 32. c6 Bxb1 33. h3
Re1+ 34. Kh2 0-1

[Event "Russian Championship G15 2016"]
[Site "Loo"]
[Date "2016.04.20"]
[Round "1.9"]
[White "Bulatova, Kamaliya"]
[Black "Filippova, Margarita"]
[Result "1-0"]
[WhiteElo "1893"]
[BlackElo "1710"]
[PlyCount "89"]
[EventDate "2016.04.20"]

1. d4 Nf6 2. c4 e6 3. Nc3 Bb4 4. e3 O-O 5. Nge2 d5 6. a3 Be7 7. cxd5 exd5 8.
Nf4 c6 9. Bd3 Bd6 10. Nh5 Be6 11. Ng3 Re8 12. O-O Qc7 13. Bd2 Nbd7 14. Rc1 a6
15. b4 Qd8 16. Na4 Ng4 17. Be2 Qh4 18. Bxg4 Bxg4 19. f3 Bh5 20. Qe1 Nf6 21. Nc5
Rab8 22. Qf2 Bg6 23. Rfe1 Nh5 24. Nf1 Qd8 25. a4 Qc7 26. f4 f5 27. Nd3 Nf6 28.
Ng3 Ne4 29. Nxe4 fxe4 30. Ne5 Bxe5 31. dxe5 Qd7 32. Bc3 Rec8 33. h3 b6 34. Bd4
a5 35. bxa5 c5 36. Ba1 Qxa4 37. axb6 Qa5 38. Red1 Bf7 39. Qg3 Be6 40. Qg5 Rxb6
41. g4 Qa3 42. Bc3 Rbc6 43. f5 d4 44. fxe6 dxc3 45. Rd8+ 1-0